000 00806nam a2200277 4500
001 1970
010 _a9789895760190
021 _aPT
_b521554/23
090 _a1970
100 _a20251118d2023 m||y0pory50030103ba
101 _apor
102 _aPT
200 _aColonialismo, um juízo moral
_fNigel Biggar
_gtrad. Jorge Pereirinha Pires
205 _a1ª edição
210 _aLisboa
_cGuerra & Paz
_d2023
215 _a477, [3] p.
_d23 cm
225 _aOs livros não se rendem
300 _aBMB-Registado
304 _aTít. orig.: Colonialism: a moral reckoning
606 _92827
_aColonização
606 _92828
_aPolítica Colonial
675 _a325.3
_vBMB
_zpor
700 _aBiggar
_bNigel
_f1955-
_92829
702 _aPires
_bJorge Pereirinha
_f1961-
_4730
_92830
801 _aPT
_bBMB
_gRPC
990 _cLIVROS